| 000 | 00804nam a2200241 i 4500 | ||
|---|---|---|---|
| 001 | 186517 | ||
| 003 | SpMaBN | ||
| 005 | 20250929063306.0 | ||
| 008 | 161121s2006 sp f |||| | spa d | ||
| 020 | _a84-96209-51-2 | ||
| 080 | _a74/75 Sánchez Castillo, Fernando | ||
| 100 | 1 |
_aSánchez Castillo, Fernando, _d1970- _9161343 |
|
| 245 | 1 | 0 |
_aExtranjeros / _cFernando Sánchez Castillo. |
| 246 | 3 | 5 | _a¡Extranjeros!_no nos dejéis solos ante los españoles |
| 260 |
_a[Alcobendas (Madrid) : _bTF, _c2006] |
||
| 300 |
_a[112] p. de lám. col., [18] p. ; _c23 cm. |
||
| 490 | 1 |
_aArte sobre papel ; _v9 |
|
| 594 | _aDatos tomados de contracub. | ||
| 597 | _aCon [18] p. en blanco. | ||
| 830 | 0 |
_aArte sobre papel ; _v9 _9192569 |
|
| 852 |
_aES-MaACL _jL-30861 |
||
| 999 |
_c186517 _d186517 |
||